000 00434pab a2200133 454500
008 180718b1988 xxu||||| |||| 00| 0 eng d
100 _aJones, Walter J.
245 _aThe impact of equal opportunity compliance laws in government contracting
_bthe shelby county, Tennessee exprience
260 _c1988
300 _a173-90
650 _aContracts, Government
773 _aInternational Journal of Public Administration
909 _a6603
999 _c6603
_d6603